| 000 | 00552nam a2200181Ia 4500 | ||
|---|---|---|---|
| 005 | 20250923144827.0 | ||
| 008 | 008 250917s9999 xx 000 0 eng d | ||
| 037 | _aTextual | ||
| 040 |
_aDSWL _beng _cDSWL |
||
| 041 |
_aeng _2eng |
||
| 084 |
_aT4(Y).2'N54t4, N61 _qDSWL |
||
| 245 | 0 |
_aSurvey of the living condition of the University students _cby Govt. of India |
|
| 260 |
_aIndia _bofIndia Ministry Education _c1961 |
||
| 365 |
_aINR _b1.85 |
||
| 925 | _g1.85 | ||
| 942 |
_cTEXL _hT4(Y).2'N54t4, N61 |
||
| 999 |
_c1443840 _d1443840 |
||